Top 10 Minutes alongside Mahrez - Statistics

General Stats
  • This quiz has been taken 8 times
  • The average score is 4 of 10
Answer Stats
Hint Answer % Correct
Leicester City Jamie Vardy
100%
Manchester City Bernardo Silva
63%
Manchester City Ederson
63%
Leicester City Kasper Schmeichel
63%
Manchester City Kyle Walker
38%
Leicester City Wes Morgan
38%
Leicester City Danny Simpson
13%
Al-Ahli Edouard Mendy
0%
Al-Ahli Franck Kessie
0%
Al-Ahli Roger Ibanez
0%
No matching quizzes found
Score Distribution
Percent of People with Each Score
Percentile by Number Answered
Your Score History
You have not taken this quiz